Logo BPK

Biblioteka

Politechniki Koszalińskiej

Die unerträgliche Leichtigkeit des Seins : (Rekord nr 50631)

Szczegóły MARC
000 -ETYKIETA REKORDU
podpole kontrolne o stałej długości 00709nam a2200241 i 4500
001 - NUMER KONTROLNY REKORDU
pole kontrolne bgj
020 ## - MIĘDZYNARODOWY ZNORMALIZOWANY NUMER KSIĄŻKI - ISBN
ISBN 3596259924041
040 ## - ŹRÓDŁO KATALOGOWANIA
Instytucja, która utworzyła rekord BPK
041 0# - KOD JĘZYKA
Kod języka tekstu ger
Kod języka oryginału cze
044 ## - KOD KRAJU WYDAWCY/PRODUCENTA
Kod kraju wydawcy/producenta DEU
080 ## - UNIWERSALNA KLASYFIKACJA DZIESIĘTNA - UKD
UKD 821.162.3
920 ## - Międzynarodowy znormalizowany numer książki – ISBN
ISBN 3-596-25992-4
008 - POLE O STAŁEJ DŁUGOŚCI - DANE KONTROLNE
podpole kontrolne o stałej długości s gw f |000 0 ger
100 1# - NAZWA OSOBOWA
Nazwa osobowa KUNDERA, Milan.
245 10 - TYTUŁ/ODPOWIEDZIALNOŚĆ
Tytuł Die unerträgliche Leichtigkeit des Seins :
Ciąg dalszy tytułu Roman/
Pozostałe elementy strefy tytułu i oznaczenia odpowiedzialności Milan Kundera ; aus dem Tschechischen von Susanna Roth.
260 ## - STREFA ADRESU WYDAWNICZEGO
Miejsce wydania Frankfurt am Main :
Nazwa wydawcy/dystrybutora Fischer Taschenbuch Verlag,
Data publikacji, dystrybucji/powstania dokumentu 1988.
300 ## - STREFA OPISU FIZYCZNEGO
Objętość 300, [1] s. ;
Rozmiary 18 cm.
490 1# - STREFA SERII I DOKUMENTU WIELOCZĘŚCIOWEGO - FORMA NIE DO WYSZUKIWANIA
Tytuł i oznaczenie odpowiedzialności serii Fischer Taschenbücher
Numeracja w obrębie serii 5992
650 9# - HASŁO PRZEDMIOTOWE W FORMIE NAZWY OGÓLNEJ LUB JEDNOSTKOWEJ
Nazwa ogólna lub geograficzna Powieść czeska
700 1# - HASŁO DODATKOWE - NAZWA OSOBOWA
Nazwa osobowa ROTH, Susanna.
830 ## - HASŁO DODATKOWE SERII LUB DOKUMENTU WIELOCZĘŚCIOWEGO - TYTUŁ UJEDNOLICONY
Tytuł ujednolicony Fischer Taschenbücher
856 ## - LOKALIZACJA I DOSTĘP DO ELEKTRONICZNYCH DOKUMENTÓW ZDALNYCH
Link (URL) http://koha.tu.koszalin.pl/cgi-bin/koha/opac-detail.pl?biblionumber=50631
Tekst linku Katalog online BPK
942 ## - DODATKOWE ELEMENTY (KOHA)
Typ dokumentu Książka
Egzemplarze
Wycofany Status egzemplarza Uszkodzony Dostępność Lokalizacja stała Lokalizacja bieżąca Miejsce przechowywania Sygnatura Kod kreskowy Typ dokumentu
      Dostępny Biblioteka Politechniki Koszalińskiej Biblioteka Politechniki Koszalińskiej Wypożyczalnia Językowa N 673 02436401 Książka
© 2023 Biblioteka Politechniki Koszalińskiej :: KOHA